000 00369pab a2200145 454500
008 180718b2003 xxu||||| |||| 00| 0 eng d
100 _aVivek Kumar
245 _aDalit movement and dalit international conference
260 _c2003
300 _ap.2799.
362 _a5 Jul
650 _aBackward classes
773 _aEconomic and Political Weekly
909 _a57197
999 _c57197
_d57197